| 000 | 00515pam a2200181 a 4500 | ||
|---|---|---|---|
| 020 |
_a0781741424 _c4138.20 |
||
| 041 |
_aeng _hNULL |
||
| 082 |
_a618.1907572 _bPIS/YAF |
||
| 100 | _aPISAN, E. D.,.YAFFE, M. J., KUZMIAK, C. M. | ||
| 245 |
_aDIGITAL MAMMOGRAPHY _cNULL. _hTextual Documents |
||
| 260 |
_aNULL : _bLANGE MEDICAL BOOKS , _c2004. |
||
| 300 |
_a231 : _bXII ; _cA4 . |
||
| 365 | _a4138.20 | ||
| 700 |
_aYAFFE, M . _aKUZMIAK, C . |
||
| 930 | _a2299 | ||
| 999 |
_c796835 _d796835 |
||
| 650 | _aOBST.GYNE | ||